00985nam a2200289 i 4500001000300000003000400003005001700007008003900024015001800063020001500081040001400096041000800110080001000118080001200128100004400140245007400184260005600258300005200314490003200366504003200398655003000430650002800460650003400488700004400522830003100566856009800597bgBPK20200408135016.0010118s1979 pl a f |001 0 pol aPB 1979/10588 a8301005645 aWA NcBPK0 apol a519.2 a(075.8)1 aPlucińska, Agnieszkad(1932- )eAutor10aElementy probabilistyki /cAgnieszka Plucińska, Edmund Pluciński. aWarszawa :bPaństwowe Wydawnictwo Naukowe,c1979. a309, [2] s. :bil., tab., wykr., err. ;c25 cm.1 aMatematyka dla Politechnik. aBibliogr. s. 306. - Indeks. 4aPodręczniki akademickie 4aStatystyka matematyczna 4aRachunek prawdopodobieństwa1 aPluciński, Edmundd(1929-2014)eAutor 0aMatematyka dla Politechnik uhttp://koha.tu.koszalin.pl/cgi-bin/koha/opac-detail.pl?biblionumber=19021yKatalog online BPK